Statistics for Countries bordering double landlocked Countries

Click here to take the quiz!

General Stats

  • This quiz has been taken 22 times
  • The average score is 6 of 8

Answer Stats

Answer% Correct
Kazakhstan
84%
Kyrgyzstan
84%
Tajikistan
84%
Turkmenistan
84%
Uzbekistan
84%
Afghanistan
79%
Switzerland
68%
Austria
58%

Score Distribution

Percentile by Number Answered

Percent of People with Each Score

Your Score History

You have not taken this quiz